Normal view
MARC view
- القرآن-المرأة المسلمة-الاسلام-الثقافة الإسلامية
Entry Topical Term
001 - CONTROL NUMBER
- control field: 14870
003 - CONTROL NUMBER IDENTIFIER
- control field: JO-AjAnu
005 - DATE AND TIME OF LATEST TRANSACTION
- control field: 20230606072655.0
008 - FIXED-LENGTH DATA ELEMENTS
- fixed length control field: 230606|| aca||aabn | a|a d
040 ## - CATALOGING SOURCE
- Original cataloging agency: JO-AjAnu
- Transcribing agency: JO-AjAnu
150 ## - HEADING--TOPICAL TERM
- Topical term or geographic name entry element: القرآن-المرأة المسلمة-الاسلام-الثقافة الإسلامية
670 ## - SOURCE DATA FOUND
- Source citation: Work cat.: (JO-AjAnu)7635: الفلاحي،حامد حسين/اعداد, author 14869, نساء في القرآن كما ورد ذكرهن في ظلال القرآن